Catalog

Record Details

Catalog Search



The mommy book  Cover Image Book Book

The mommy book / by Todd Parr.

Parr, Todd. (Author).

Summary:

Represents a variety of mothers, with short hair and big hair, driving minivans and motorcycles, swimming and dancing, and hugging and kissing their children.

Record details

  • ISBN: 9780316070447
  • ISBN: 0316070440
  • Physical Description: 1 v. (unpaged) : color illustrations ; 26 cm.
  • Publisher: New York : Little, Brown Young Readers, 2010.

Content descriptions

General Note:
"Megan Tingley books."
Subject: Mothers > Fiction.

Available copies

  • 1 of 1 copy available at scottsboropl.

Holds

  • 0 current holds with 1 total copy.
Show Only Available Copies
Location Call Number / Copy Notes Barcode Shelving Location Status Due Date
scottsboropl E Par 32269000877939 Juvenile - Easy Available -

LDR 00965cam a2200265 a 4500
001133274
003CONS
00520140703073307.0
008110114s2010 enka j 000 0 eng
015 . ‡aGBB027681 ‡2bnb
0167 . ‡a015489244 ‡2Uk
020 . ‡a9780316070447
020 . ‡a0316070440
035 . ‡a(CPomAG)LMN505323
05014. ‡aPZ7.P2447 ‡bMo 2010
08204. ‡a306.8743 ‡222
1001 . ‡aParr, Todd.
24514. ‡aThe mommy book / ‡cby Todd Parr.
260 . ‡aNew York : ‡bLittle, Brown Young Readers, ‡c2010.
300 . ‡a1 v. (unpaged) : ‡bcolor illustrations ; ‡c26 cm.
500 . ‡a"Megan Tingley books."
520 . ‡aRepresents a variety of mothers, with short hair and big hair, driving minivans and motorcycles, swimming and dancing, and hugging and kissing their children.
650 1. ‡aMothers ‡vFiction.
959 . ‡i32269000877939 ‡lE Par ‡aJuvenile - Easy ‡tEasy ‡g19.00
852 . ‡p32269000877939 ‡jE Par ‡gJuvenile - Easy ‡cEasy ‡y19.00 ‡bSBPL
901 . ‡a133274 ‡bUnknown ‡c133274 ‡tbiblio

Additional Resources